| 000 | 00578nam a2200193 i 4500 | ||
|---|---|---|---|
| 001 | 149968 | ||
| 003 | ES-MaACL | ||
| 005 | 20250830095400.0 | ||
| 007 | t| | ||
| 008 | 071025s1940 sp ||||1| spa d | ||
| 100 | 1 |
_aValle, Luis del. _9112771 |
|
| 245 | 1 | 3 |
_aEl Estado nacionalista totalitario-autoritario / _cLuis del Valle. |
| 260 |
_aZaragoza : _bAthenaeum, _c1940 ( _fTip. La Académica) |
||
| 300 |
_a270 p. ; _c19 cm. |
||
| 504 | _aBibliografĂa: p. [265]-270. | ||
| 650 | 0 | 7 |
_aEstado _2embne _912523 |
| 852 |
_aES-MaACL _jA-5011 |
||
| 999 |
_c149968 _d149968 |
||